000 01169nam a22004090a 4500
001 PT54830
003 AR-LpoUNG
005 20210131231639.0
008 191001s1991||||ag |||||||||||||||||spa d
020 _a9502515927
_c$
040 _aAR-LpoUNG
_bspa
_cAR-LpoUNG
_eaacr
041 _aspa
044 _aag
082 0 _a982.062 649sin
100 1 _aPineau, Pablo
245 1 0 _aSindicatos, Estado y educación técnica :
_b1936-1968
250 _a1§ ed.
260 _aBuenos Aires :
_bCentro Editor de América Latina,
_c1991.
300 _a128 p. :
_bil., gráfs., tbls.
650 4 _aANALISIS HISTORICO
650 4 _aASPECTOS EDUCATIVOS
650 4 _aEDUCACION
650 4 _aENSEÑANZA TECNICA
650 4 _aESCUELAS SECUNDARIAS TECNICAS
650 4 _aHISTORIA DE LA EDUCACION
650 4 _aSINDICALISMO
650 4 _aSINDICATOS
650 4 _aSOCIOLOGIA DE LA EDUCACION
651 4 _aDOCUMENTOS TEORICOS O METODOLOGICOS
653 _aPERONISMO
653 _aUNIVERSIDAD OBRERA NACIONAL
653 _aUNIVERSIDAD TECNOLOGICA NACIONAL
653 _aUTN
700 1 _aBraslavsky, Cecilia
_epról.
905 _a54830
942 _cLIB
999 _c11197
_d11197